000 00636nam a2200241Ia 4500
003 OSt
005 20220918202604.0
006 a|||||r|||| 00| 0
007 ta
008 220917b |||||||| |||| 00| 0 eng d
024 _a102,370
037 _cTextual
040 _aARTS
_cARTS
_beng
041 _2eng
_aeng
082 _aV251:17.N9, N4
100 _aSpear T G P
_9102938
245 0 _aDelhi
_b Its monuments & history
260 _aDelhi
_bOxford University Press
_c1994
300 _ax, 177p.
_ccm.
650 _aHISTORY
942 _hV251:17.N9, N4
_cTEXL
_2CC
999 _c225824
_d225824